| 000 | 00477nam a2200157Ia 4500 | ||
|---|---|---|---|
| 003 | SGT | ||
| 020 | _a9788131755662 | ||
| 082 |
_a5.73 _bSHA |
||
| 100 | _aSharma,A.K | ||
| 245 | _aData Structures using C | ||
| 260 |
_bPearson _aN.Delhi _c2011 |
||
| 300 | _a446p. | ||
| 650 | _aCOMPUTER SCIENCE | ||
| 653 | _aOVERVIEW OF 'C',DATA STRUCTURES AND ALGORITHMS: AN INTRODUCTION ARRAYS:SEARCHING AND SORTING,POINTERS,LINKED LISTS,TREES,ADVANCED DATA STRUCTURES | ||
| 942 |
_2ddc _cBK _012 |
||
| 999 |
_c5144 _d5144 |
||